[Event "Florianopolis op 10th"]
[Site "Florianopolis"]
[Date "2024.01.26"]
[Round "8"]
[White "Philippi, Enzo Grotto"]
[Black "Menezes, Jose Eduardo C"]
[Result "0-1"]
[WhiteElo "1471"]
[BlackElo "1813"]
[PlyCount "116"]
[EventDate "2024.01.20"]
[EventType "swiss"]
[EventRounds "10"]
[EventCountry "BRA"]
[SourceTitle "CB05_2024"]
[SourceDate "2024.01.31"]
[SourceVersion "1"]
[SourceVersionDate "2024.01.31"]
[SourceQuality "1"]

1. e4 c5 2. Nf3 d6 3. c4 Nc6 4. Be2 g6 5. d4 cxd4 6. Nxd4 Bg7 7. Be3 Nf6 8. Nc3 0-0 9. 0-0 Bd7 10. Nxc6 bxc6 11. Qd2 Qc7 12. Rac1 Rfd8 13. Rfd1 Be6 14. f3 Qb7 15. Qc2 Rac8 16. Rd2 Rb8 17. Rcd1 Rbc8 18. Qa4 c5 19. Qa3 Bd7 20. b3 Ng4 21. Nd5 Nxe3 22. Nxe3 Bd4 23. Kf2 f5 24. exf5 Bxf5 25. Bd3 Rf8 26. Ke2 Bxd3+ 27. Kxd3 e6 28. Re2 Rfe8 29. Nc2 Be5 30. Rde1 Qf7 31. h3 Qf5+ 32. Kd2 Bg3 33. Ne3 Bxe1+ 34. Kxe1 Qf7 35. Qa6 Rcd8 36. Ng4 Kg7 37. Rd2 h5 38. Nf2 d5 39. Nd3 Qc7 40. Re2 Rd6 41. Qb5 Rc8 42. Nf4 Kf7 43. cxd5 exd5 44. Qd3 Qb7 45. Re5 Qb4+ 46. Qd2 Re8 47. Rxe8 Qxd2+ 48. Kxd2 Kxe8 49. h4 Kf7 50. Kd3 Kf6 51. a3 Ke5 52. Kc3 Rf6 53. Nd3+ Kd6 54. f4 Re6 55. Kd2 Re4 56. Ne5 Rxe5 57. fxe5+ Kxe5 58. Ke3 Kf5 0-1

[Event "Florianopolis op 10th"]
[Site "Florianopolis"]
[Date "2024.01.25"]
[Round "7"]
[White "Pavao, Fabio Biasi"]
[Black "Philippi, Enzo Grotto"]
[Result "1-0"]
[WhiteElo "1783"]
[BlackElo "1471"]
[PlyCount "61"]
[EventDate "2024.01.20"]
[EventType "swiss"]
[EventRounds "10"]
[EventCountry "BRA"]
[SourceTitle "CB05_2024"]
[SourceDate "2024.01.31"]
[SourceVersion "1"]
[SourceVersionDate "2024.01.31"]
[SourceQuality "1"]

1. c4 e5 2. g3 Nf6 3. Bg2 Bc5 4. Nc3 0-0 5. e3 Nc6 6. Nge2 d5 7. d4 exd4 8. exd4 Bb6 9. c5 Ba5 10. 0-0 Bf5 11. Bg5 Bxc3 12. Nxc3 h6 13. Bxf6 Qxf6 14. Nxd5 Qxd4 15. Ne7+ Kh8 16. Nxf5 Qxc5 17. Qg4 Qe5 18. Rfe1 Qf6 19. Bxc6 bxc6 20. b3 Kh7 21. Rac1 g6 22. Ne3 Rfe8 23. Nc4 a5 24. Rxe8 Rxe8 25. Ne3 Qb2 26. Qc4 Re6 27. Rc2 Qe5 28. Qf4 Qa1+ 29. Kg2 Re7 30. Qc4 Re6 31. Qc3 1-0